| 000 | 01051nam a2200277 a 4500 | ||
|---|---|---|---|
| 001 | 000035392 | ||
| 005 | 20200930074316.0 | ||
| 008 | 111031s1958 mx a 000 0 spa d | ||
| 040 |
_aDO-SdBNP _bspa _cBNPHU |
||
| 082 |
_axxxx _bF829p, 1958 |
||
| 100 | 1 |
_aFrankfort, Henri, _d1897-1954 _961213 |
|
| 240 | 1 | 4 |
_aThe intellectual adventure of ancient man _lEspañol |
| 245 | 3 |
_aEl pensamiento prefilosófico / _cH. y H. A. Frankfort, J. A. Wilson y T. Jacobsen ; traductor Eli de Gotari. |
|
| 250 | _a3a ed. | ||
| 260 |
_aMéxico : _bFondo de Cultura Económica, _c1958. |
||
| 300 |
_a286 p. : _bil. ; _c17 cm. |
||
| 490 | 1 |
_aBravarios del fondo de cultura económica _vno. 97 |
|
| 500 | _aTítulo original en inglés. | ||
| 500 | _aIncluye referencias bibliográficas y notas al pie de las páginas. | ||
| 505 | 0 |
_gv. 1. _tEgipto y Mesopotamia |
|
| 700 | 1 | 2 |
_aWilson, J. A. _961214 |
| 700 | 1 | 2 |
_aJacobsen, T. _961215 |
| 700 | 1 | 2 |
_aGotari, Edi de, _etr. _961216 |
| 830 | 0 |
_aBravarios del fondo de cultura económica _vno. 97 _961217 |
|
| 049 | _aBNGR | ||
| 999 |
_c34883 _d34883 |
||